000
00311nam a22001337a 4500
020
_a
0-07-072801-1
082
_a
621.31028 ZBA'B
100
_a
ZBAR, PAUL B
_9
74617
245
_a
BASIC ELECTRICITY A TEXT - LAB MANUAL
250
_a
5TH
260
_a
NEWYORK
_b
MCGRAW HILL
_c
1983
300
_a
354
942
_c
BK
999
_c
580130
_d
580130